000 00731nam a2200241Ia 4500
005 20260430150559.0
008 008 250103s9999 xx 000 0 eng d
037 _aTheses
040 _aCRL
040 _beng
040 _ceng
041 _2eng
041 _aeng
084 _qCRL
100 _aMeghwal Sumitra Au.; Ranganathan Namita Gu.; Suryanarayan Neelakshi Gu.
_91237913
245 0 _aDepiction of Motherhood in the Works of Mahasweta Devi and Ludmila Ulitskaya: A Comparative Study
260 _c2024
300 _a303p.
650 _aSlavonic Literature
700 _aUniversity of Delhi. Faculty of Arts. Deptt. of Slavonic & Finno- Ugrian Studies
_91237311
942 _cTH
999 _c1850131
_d1850131